Library Banner

The secret language of the body : (Record no. 140350)

MARC details
000 -LEADER
fixed length control field 01725nam a22002417a 4500
005 - DATE AND TIME OF LATEST TRANSACTION
control field 20260406121329.0
008 - FIXED-LENGTH DATA ELEMENTS--GENERAL INFORMATION
fixed length control field 260406b |||||||| |||| 00| 0 eng d
020 ## - INTERNATIONAL STANDARD BOOK NUMBER
International Standard Book Number 9780008667658
040 ## - CATALOGING SOURCE
Transcribing agency PK-LaUMT
082 ## - DEWEY DECIMAL CLASSIFICATION NUMBER
Classification number 152.44
Item number MAN-S
100 1# - MAIN ENTRY--PERSONAL NAME
Personal name Mann, Jennifer
245 14 - TITLE STATEMENT
Title The secret language of the body :
Remainder of title regulate your nervous system, heal your body, free your mind /
Statement of responsibility, etc by Jennifer Mann and Karden Rabin
260 ## - PUBLICATION, DISTRIBUTION, ETC. (IMPRINT)
Place of publication, distribution, etc London :
Name of publisher, distributor, etc Thorsons,
Date of publication, distribution, etc 2024
300 ## - PHYSICAL DESCRIPTION
Extent 340 p.
500 ## - GENERAL NOTE
General note Inspiring, refreshing and practical- a delightful lucid guide to healing yourself' Bessel Van Der Kolk, author of the Body Keeps The Score
520 ## - SUMMARY, ETC.
Summary, etc The new essential self-healing bible - a revolutionary body-first guide to regulating your nervous system, curing long-term pain and healing from trauma for good. Our autonomic nervous system is the part of us responsible for the constant but usually subconscious communication between our brain and body. This is a language that most of us have never heard of but, we assure you, you desperately need access to! When a person is burdened by stress, anxiety and trauma their nervous system adapts to help keep them alive, but can also trap them in survival mode. This can be the result of consistent exposure to unsafe environments, relationships and thought patterns. We call this nervous system dysregulation or sensitization, which can result in chronic mental and physical pain and confusion, leaving you unable to cope with life's strains and stresses.
546 ## - LANGUAGE NOTE
Language note Eng
650 ## - SUBJECT ADDED ENTRY--TOPICAL TERM
Topical term or geographic name as entry element Stress management
650 ## - SUBJECT ADDED ENTRY--TOPICAL TERM
Topical term or geographic name as entry element Nervous system-regulations
650 ## - SUBJECT ADDED ENTRY--TOPICAL TERM
Topical term or geographic name as entry element Emotions-psychological aspects
700 1# - ADDED ENTRY--PERSONAL NAME
Personal name Rabin, Karden
942 ## - ADDED ENTRY ELEMENTS (KOHA)
Koha item type Books
Holdings
Withdrawn status Lost status Damaged status Home library Current library Date acquired Full call number Barcode Date last seen Price effective from Koha item type
      UMT Main Campus UMT Main Campus 2026-04-06 152.44 MAN-S 151851 2026-04-06 2026-04-06 Books